The dialectical method : a treatise Hegel never wrote /

Bibliographic Details
Main Author: Butler, Clark, 1944-
Format: Book
Language:English
Published: Amherst, N.Y. : Humanity Books, 2012.
Subjects:

MARC

Tag First Indicator Second Indicator Subfields
LEADER 00000cam a2200000 a 4500
001 in00002761925
005 20151202171550.0
008 110808s2012 nyu b 001 0 eng
010 |a  2011032886 
020 |a 9781616144890 (pbk. : alk. paper) 
020 |a 1616144890 (pbk. : alk. paper) 
029 1 |a DEBBG  |b BV039709027 
035 |a (OCoLC)ocn726821364 
035 |a (OCoLC)726821364 
040 |a DLC  |b eng  |c DLC  |d YDX  |d BTCTA  |d YDXCP  |d BDX  |d BWX  |d OCLCO  |d UtOrBLW 
049 |a TXAM 
050 0 0 |a B2949.D5  |b B88 2012 
082 0 0 |a 160  |2 23 
100 1 |a Butler, Clark,  |d 1944- 
245 1 4 |a The dialectical method :  |b a treatise Hegel never wrote /  |c Clark Butler. 
264 1 |a Amherst, N.Y. :  |b Humanity Books,  |c 2012. 
300 |a 276 pages ;  |c 22 cm. 
336 |a text  |b txt  |2 rdacontent 
337 |a unmediated  |b n  |2 rdamedia 
338 |a volume  |b nc  |2 rdacarrier 
504 |a Includes bibliographical references and index. 
650 0 |a Dialectic. 
600 1 0 |a Hegel, Georg Wilhelm Friedrich,  |d 1770-1831. 
938 |a Baker and Taylor  |b BTCP  |n BK0009837233 
938 |a YBP Library Services  |b YANK  |n 6985973 
938 |a Brodart  |b BROD  |n 13303635  |c $39.00 
938 |a Blackwell Book Service  |b BBUS  |n 6985973 
947 |a A14835900999 
945 |a PromptCat  |b 932561 
946 |a stk 
994 |a 92  |b TXA 
948 |a Cataloged  |b h  |c 2012/6/28  |d c  |e fambrosini 
999 |a MARS 
999 f f |s c5d70a4c-3248-31b3-bdde-431a5af23928  |i 369e6aba-d46f-3916-81d1-adde01cdf6e4  |t 0 
952 f f |p normal  |a Texas A&M University  |b College Station  |c Sterling C. Evans Library  |d Evans: Library Stacks  |t 0  |e B2949.D5 B88 2012  |h Library of Congress classification  |i unmediated -- volume  |m A14835900999 
998 f f |a B2949.D5 B88 2012  |t 0  |l Evans: Library Stacks